000
00320 a2200121 4500
001
149351
040
_c
Escola São Tomás de Aquino
100
_a
BARROS, Sônia
240
1
0
_a
O segredo da xícara cor de nuvem
_l
por
245
1
0
_a
O segredo da xícara cor de nuvem
697
_a
*LITERATURA INFANTO JUVENIL
942
_c
BK
999
_c
149351
_d
149351